| 000 | 00491nab a2200145Ia 4500 | ||
|---|---|---|---|
| 003 | ES-SlBCS | ||
| 005 | 20210601133152.0 | ||
| 008 | 140529s1990 xxu||||| |||| 00| 0 ita d | ||
| 041 | _aita | ||
| 100 | 1 |
_aD'aronco, Maria Amalia _9202572 |
|
| 245 | 0 | 0 |
_aDalla magia e dalla medicina empirica alla medicina razionale: il caso dell'Inghilterra anglosassone _c Maria Amalia D'Aronco |
| 650 | 0 | 4 |
_aMedicina _914377 |
| 773 | 0 |
_tSchede Medievali _gnº. 19, 1990, págs. 356-374 _wRev415 |
|
| 942 | _cAR | ||
| 999 |
_c591860 _d591860 |
||